Напитки в вашем доме

Bibliografiset tiedot
Kieli:venäjä
Julkaistu: Ростов-на-Дону, Изд-во Рост. ун-та, 1991
Aiheet:
Aineistotyyppi: MixedMaterials Kirja
KOHA link:https://koha.lib.tpu.ru/cgi-bin/koha/opac-detail.pl?biblionumber=153216

MARC

LEADER 00000nam0a2200000 4500
001 153216
005 20231031151308.0
010 |a 575070615X 
020 |a RU  |b 91-28433 
035 |a (RuTPU)RU\TPU\book\166225 
090 |a 153216 
100 |a 20090210d1991 m a0rusy5003 ca 
101 0 |a rus 
102 |a RU 
105 |a y z 000zy 
200 1 |a Напитки в вашем доме 
210 |a Ростов-на-Дону  |c Изд-во Рост. ун-та  |d 1991 
215 |a 63 с. 
610 1 |a безалкогольные напитки 
610 1 |a рецептура 
675 |a 64  |v 3 
801 0 |a RU  |b RuMRKP  |c 19950417  |g psbo 
801 1 |a RU  |b 63413507  |c 20090210  |g PSBO 
801 2 |a RU  |b 63413507  |c 20090806  |g PSBO 
942 |c BK